Color atlas of common oral diseases /

Bibliographic Details
Main Author: Langlais, Robert P.
Other Authors: Miller, Craig S.
Format: Book
Language:English
Published: Philadelphia : Lea & Febiger, 1992.
Subjects:

MARC

Tag First Indicator Second Indicator Subfields
LEADER 00000cam a22000008a 4500
001 in00004475713
005 20191202143337.0
008 890620s1992 paua 001 0 eng c
010 |a  89012561  
019 |a 19982221 
020 |a 0812112490 
035 |a (OCoLC)20014904 
035 |9 AAE4270MS 
035 |z (UtOrBLW)14541 
035 |a 25435 
040 |a DNLM/DLC  |c DLC  |d TMV  |d UtOrBLW 
049 |a TMVM  |c 1 
050 0 0 |a RC815  |b .L35 1990 
060 0 |a WU 17 L282c 
069 0 |a 8910616 
082 0 0 |a 617.5/22/00222  |2 20 
096 |a WU 17  |b L282c 1992 
100 1 |a Langlais, Robert P. 
245 1 0 |a Color atlas of common oral diseases /  |c Robert P. Langlais, Craig S. Miller. 
264 1 |a Philadelphia :  |b Lea & Febiger,  |c 1992. 
300 |a xiv, 167 pages :  |b illustrations (some color) ;  |c 29 cm. 
336 |a text  |2 rdacontent  |b txt 
337 |a unmediated  |2 rdamedia 
338 |a volume  |2 rdacarrier  |b nc 
500 |a The complete set of illustrations is also available for purchase as color slides. 
500 |a Includes index. 
650 2 |a Mouth Diseases  |x pathology  |v Atlases. 
650 2 |a Tooth Diseases  |x pathology  |v Atlases. 
700 1 |a Miller, Craig S. 
948 |a Retain per EC; 2002 evaluation; nb, 09/02/2002. 
999 |a MARS 
999 f f |s b109819c-47af-3a47-9922-6041a3afc4a2  |i 7487ca64-1854-367a-b301-eb8a947308f4  |t 0 
952 f f |p ric  |a Texas A&M University  |b Rellis Campus  |c Joint Library Facility  |d Remote Storage  |t 0  |e WU 17 L282c 1992  |h National Library of Medicine classification  |i unmediated -- volume  |m 3238901109755 
998 f f |a WU 17 L282c 1992  |t 0  |l Remote Storage